<?xml version="1.0" encoding="UTF-8"?><marc:collection xmlns:marc="http://www.loc.gov/MARC21/slim">
  <marc:record>
    <marc:leader>00000nam##2200000za#4500</marc:leader>
    <marc:controlfield tag="001">9.680028</marc:controlfield>
    <marc:controlfield tag="003">CaOODSP</marc:controlfield>
    <marc:controlfield tag="005">20210615132347</marc:controlfield>
    <marc:controlfield tag="007">ta</marc:controlfield>
    <marc:controlfield tag="008">150407|1997||||xxc|||||     f|0| 0 fre|d</marc:controlfield>
    <marc:datafield tag="020" ind1=" " ind2=" ">
      <marc:subfield code="a">0-660-95547-4</marc:subfield>
    </marc:datafield>
    <marc:datafield tag="040" ind1=" " ind2=" ">
      <marc:subfield code="a">CaOODSP</marc:subfield>
      <marc:subfield code="b">fre</marc:subfield>
    </marc:datafield>
    <marc:datafield tag="043" ind1=" " ind2=" ">
      <marc:subfield code="a">n-cn---</marc:subfield>
    </marc:datafield>
    <marc:datafield tag="086" ind1="1" ind2=" ">
      <marc:subfield code="a">CP32-64/1-1997F</marc:subfield>
    </marc:datafield>
    <marc:datafield tag="110" ind1="1" ind2=" ">
      <marc:subfield code="a">Canada. </marc:subfield>
      <marc:subfield code="b">Commission d'enquête sur le déploiement des Forces canadiennes en Somalie.</marc:subfield>
    </marc:datafield>
    <marc:datafield tag="245" ind1="1" ind2="3">
      <marc:subfield code="a">La Somalie et l'évolution du maintien de la paix: les conséquences pour le Canada : </marc:subfield>
      <marc:subfield code="b">étude préparée pour la Commission d'enquête sur le déploiement des Forces canadiennes en Somalie / </marc:subfield>
      <marc:subfield code="c">par Allen G. Sens. </marc:subfield>
    </marc:datafield>
    <marc:datafield tag="260" ind1=" " ind2=" ">
      <marc:subfield code="a">Ottawa - Ontario : </marc:subfield>
      <marc:subfield code="b">Commission d'enquête sur le déploiement des Forces canadiennes en Somalie </marc:subfield>
      <marc:subfield code="c">1997.</marc:subfield>
    </marc:datafield>
    <marc:datafield tag="300" ind1=" " ind2=" ">
      <marc:subfield code="a">xii, 162p. : </marc:subfield>
      <marc:subfield code="b">références ; </marc:subfield>
      <marc:subfield code="c">23 cm.</marc:subfield>
    </marc:datafield>
    <marc:datafield tag="500" ind1=" " ind2=" ">
      <marc:subfield code="a">Sommaire: Opérations traditionnelles de maintien de la paix pendant la guerre froide.--La nature changeant des conflits internationaux.--La nature changeante des opérations de maintien de la paix.--Les Nations Unies et la Somalie: leçons et répercussions.--Le Canada, le maintien de la paix et l'expérience somalienne.--Conclusions. Données de catalogage avant publication (Canada) imprimées dans cette publication.</marc:subfield>
    </marc:datafield>
    <marc:datafield tag="520" ind1="3" ind2=" ">
      <marc:subfield code="a">Par Allen G. Sens. Cette étude se penche sur l'évolution des opérations de maintien de la paix des Nations Unies, mettant l'accent particulièrement sur l'expérience en Somalie. Elle examine également les conséquences de l'évolution du maintien de la paix pour la politique étrangère et la politique de défense du Canada. L'ouvrage s'intéresse aux sujets suivants : les opérations traditionnelles de maintien de la paix durant la Guerre froide; la nature changeante des conflits internationaux; l'évolution du maintien de la paix; les leçons et les répercussions de la présence des Nations Unies en Somalie; le maintien de la paix, l'expérience de la Somalie et le Canada. Elle renferme également une série de conclusions générales. Publication incontournable pour les professeurs de science politique et de sociologie et leurs étudiants, les administrateurs militaires, les avocats, les membres des Nations Unies et les ONG.</marc:subfield>
    </marc:datafield>
    <marc:datafield tag="563" ind1=" " ind2=" ">
      <marc:subfield code="a">Couverture souple</marc:subfield>
    </marc:datafield>
    <marc:datafield tag="590" ind1=" " ind2=" ">
      <marc:subfield code="a">97-15</marc:subfield>
      <marc:subfield code="b">1997-04-11</marc:subfield>
    </marc:datafield>
    <marc:datafield tag="691" ind1="0" ind2="7">
      <marc:subfield code="a">Maintien de la paix</marc:subfield>
      <marc:subfield code="2">gcpds</marc:subfield>
    </marc:datafield>
    <marc:datafield tag="691" ind1="0" ind2="7">
      <marc:subfield code="a">Armée</marc:subfield>
      <marc:subfield code="2">gcpds</marc:subfield>
    </marc:datafield>
    <marc:datafield tag="720" ind1="1" ind2=" ">
      <marc:subfield code="a">Sens, Allen G.</marc:subfield>
    </marc:datafield>
    <marc:datafield tag="775" ind1="0" ind2="8">
      <marc:subfield code="t">Somalia and the changing nature of peacekeeping: the implications for Canada : </marc:subfield>
      <marc:subfield code="w">(CaOODSP)9.646482</marc:subfield>
    </marc:datafield>
    <marc:datafield tag="776" ind1="0" ind2="#">
      <marc:subfield code="t">La Somalie et l'évolution du maintien de la paix : les conséquences pour le Canada : </marc:subfield>
      <marc:subfield code="w">(CaOODSP)9.644271</marc:subfield>
    </marc:datafield>
  </marc:record>
</marc:collection>
